96 Bottles of Beer on the Wall Quiz Stats

Quiz Updated Apr 3, 2013

Also try: Beer Logos
Challenge
Share
Tweet
Score 0/96 Timer 09:00
1 Play Today
% Correct
Budweiser
83.6%
Heineken
80.2%
Miller
76.8%
Coors
75.5%
Corona
73.3%
Guinness
70%
Dos Equis
69.5%
Foster's
64.1%
Rolling Rock
59.8%
Red Stripe
57.9%
Blue Moon
55.3%
Stella Artois
50.1%
Newcastle
49.2%
Beck's
49.1%
Molson
45.5%
Harp
44.1%
Samuel Adams
41.3%
Sierra Nevada
40.1%
Labatt Blue
39.6%
Shock Top
35.1%
Amstel
34.3%
Dogfish Head
29.8%
St. Pauli Girl
29%
Yuengling
27.2%
Carlsberg
26.5%
Bass Ale
26.3%
Grolsch
25.7%
Tecate
25.7%
Negra Modelo
25.6%
Magic Hat #9
25.6%
Fat Tire
23.4%
Michelob
23.2%
% Correct
Brooklyn
22.9%
Olde English
21.7%
Duvel
21%
Killian's
20.5%
Sapporo
18.9%
Kronenbourg
18.9%
Hoegaarden
18.3%
Peroni
18.1%
Delirium
17.1%
Arrogant Bastard
16.7%
Lagunitas
16.7%
Tsingtao
16.5%
Keystone
15.8%
Shiner Bock
15.7%
Anchor
15.6%
Pyramid
15.6%
Schlitz
15.5%
Dead Guy
15.5%
Pilsner Urquell
14.4%
Moosehead
14.1%
Victoria
12.8%
Leffe Blonde
11.8%
Goose Island
11.5%
Kirin Ichiban
11.4%
Harpoon
11.1%
Chimay Blue
10.6%
Old Speckled Hen
10.4%
Samuel Smith
9.9%
Great Lakes
8.2%
UFO
8%
Victory
8.1%
Fuller's
7.8%
% Correct
San Miguel
7.4%
Paulaner
7.4%
Cobra
7.2%
Red Hook
6.8%
O'Douls
6.6%
Erdinger
6.5%
Kingfisher
6.3%
Warsteiner
6.1%
Session
6.1%
Unibroue Maudite
6.1%
Widmer
5.9%
Hornsby's
5.5%
Pliny the Elder
5.4%
Mirror Pond
5.4%
Fuller's
5.3%
Saranac
5.1%
Honey Brown
4.7%
Buffalo Bill's
4.5%
Troegs
4.3%
Holy Grail Ale
4.1%
Bohemia
3.9%
Allagash Curieux
3.8%
Mythos
3.1%
Murphy's
3.1%
St. Arnold
2.5%
Dark Lord
2.5%
Terrapin
2.4%
Karl Strauss
2.3%
Belhaven
2.1%
Tallgrass
1.5%
Sputnik
1.4%
Skull Splitter
1.2%

You're not logged in!

Compare scores with friends on all Sporcle quizzes.
Join for Free
OR
Log In

You Might Also Like...

Show Comments

Extras

Top Quizzes Today


Score Distribution

Your Account Isn't Verified!

In order to create a playlist on Sporcle, you need to verify the email address you used during registration. Go to your Sporcle Settings to finish the process.

Report this User

Report this user for behavior that violates our Community Guidelines.

Details: